00735nam a2200193 a 450000100060000000300090000600800410001502000150005604000280007108200160009910000360011524501100015126000430026130000090030450501400031365000210045365000320047465000350050620965CO-ViMGA141112s2004 ck r 000 u spa d a9586441008 aCO-ViMGAbspacCO-ViMGA04a323.4 G172d1 aGarcía Alfonso, Maret Cecilia10aEl derecho a defender : bInstrumentos para la acción de los defensores de derechos humanos en Colombia aBogotá : bFundación CINEP, c2005 a452P aCompilación de instrumentos internacionales para la protección de defensores de derechos humanos 17 - - Documentos nacionales 205 14aDERECHOS HUMANOS14aDERECHOS HUMANOS - COLOMBIA14aDERECHOS HUMANOS - LEGISLACION